Państwa które kontrolowały Łódź - Statystyki

Ogólne statystyki
  • Ten quiz został rozwiązany 38 razy
  • Średni wynik to 7 z 8
Statystyki odpowiedzi
Lata kontrolowania Państwo % Poprawnych
1939 - 1945 Niemcy
94%
1332 - 1793 Polska
94%
1918 - 1939 Polska
94%
1945 - obecnie Polska
94%
1915 - 1918 Niemcy
92%
1815 - 1915 Rosja
92%
1793 - 1807 Prusy
89%
1807 - 1815 Księstwo Warszawskie
83%
Nie znaleziono quizów pasujących do podanych kryteriów
Rozkład punktacji
Procent ludzi z każdym wynikiem
Percentyl według liczby udzielonych odpowiedzi
Twoja historia wyników
Nie rozwiązałeś tego quizu